| 000 | 01085nam a2200313 4500 | ||
|---|---|---|---|
| 001 | 0000018420 | ||
| 003 | CO-CtgCURN | ||
| 005 | 20250331185158.0 | ||
| 007 | ta | ||
| 008 | 160627s1997 000 0 eng d | ||
| 020 | _a95891812 | ||
| 040 |
_aCO-CtgCURN _bspa _ccoctgcurn |
||
| 082 | 0 |
_a615.84 _bM67s |
|
| 100 | 1 | _aMora, Rafael J. F. | |
| 245 | 1 | 0 |
_aSoporte nutricional especial / _cRafael J. F. Mora. |
| 250 | _a2a ed. | ||
| 260 |
_aBogotá : _bEditorial Medica Panamericana, _c1997. |
||
| 300 | _a341 p. | ||
| 336 | _2rdacontent | ||
| 337 |
_2rdamedia _asin mediacion _bn |
||
| 338 |
_2rdacarrier _avolumen _bnc |
||
| 500 | _aIncluye indice Analitico. | ||
| 504 | _aBibliografia (p. 321-322) | ||
| 505 | 8 | _aOrganizacion de la unidad de soporte metabolico y nutricional.--Bases bioquímicas del metabolismo energetico y proteico.--Estados metabolicos especiales y su manejo.--Sindrome de intestino corto | |
| 650 | 1 | 4 | _aNutricion. |
| 908 | _a160627 | ||
| 942 |
_cBK _h615.84 _iM67s _2ddc |
||
| 999 |
_c22143 _d22143 |
||